New trends in integrated science teaching.

Bibliographic Details
Corporate Author: Unesco
Format: Journal
Language:English
French
Published: [Paris] : Unesco, [19-]
Series:Teaching of basic sciences.
Subjects:

MARC

Tag First Indicator Second Indicator Subfields
LEADER 00000cas a2200000 a 4500
001 in00000091403
005 20151008063930.0
008 751101u19709999fr x p i0uuua0engm
010 |a  80649076  
012 |a 4  |b 7  |c y 
035 |a (OCoLC)01759986 
035 |9 AAK3208AM 
040 |a DLC  |c MUL  |d COO  |d UCU  |d DLC  |d m.c.  |d TXA  |d UtOrBLW 
041 0 |a eng  |a fre 
042 |a lc 
049 |a TXAE 
050 0 0 |a Q181.A1  |b N48 
082 0 |a 507/.1 
245 0 0 |a New trends in integrated science teaching. 
264 1 |a [Paris] :  |b Unesco,  |c [19-] 
300 |a volumes ;  |c 27 cm. 
336 |a text  |b txt  |2 rdacontent 
337 |a unmediated  |b n  |2 rdamedia 
338 |a volume  |b nc  |2 rdacarrier 
362 0 |a Vol. 1 (1969/70)- 
490 1 |a The Teaching of basic sciences 
500 |a Description based on: Volume 5. 
650 0 |a Science  |x Study and teaching  |v Periodicals. 
650 0 |a Interdisciplinary approach in education  |x Periodicals. 
710 2 |a Unesco. 
760 0 |t Teaching of basic sciences 
830 0 |a Teaching of basic sciences. 
999 |a MARS 
999 f f |s 1a9cad47-deb8-3d06-adaf-8b405389e132  |i 762b64b3-0bee-3ad6-b697-1367749eab74  |t 0 
952 f f |p ric  |a Texas A&M University  |b Rellis Campus  |c Joint Library Facility  |d Remote Storage  |t 0  |e Q181.A1 N48  |h Library of Congress classification  |i unmediated -- volume  |k v.5  |l 1979  |m A14808186116 
998 f f |a Q181.A1 N48  |s v.5 (1979)  |t 0  |l Remote Storage